000 00249nam a2200097Ia 4500
082 _a658 JACO
245 0 _aIntercultural management
100 _a JACOB, Nina London, 2003
_993857
942 _cBK
008 210817s9999 xx 000 0 und d
999 _c383849
_d383848